LEADER 00817cam0-2200289---450- 001 990004868540403321 005 20100709143558.0 035 $a000486854 035 $aFED01000486854 035 $a(Aleph)000486854FED01 035 $a000486854 100 $a19990604d1922----km-y0itay50------ba 101 0 $aeng 102 $aGB 105 $a-f------001by 200 1 $a<>comedy of errors$f[William Shakespeare] 210 $aCambridge$cCambridge University press$d1922 215 $aXXIII, 127 p., [1] tav.$d18 cm 676 $a822.33 700 1$aShakespeare,$bWilliam$f<1564-1616>$0132200 801 0$aIT$bUNINA$gRICA$2UNIMARC 901 $aBK 912 $a990004868540403321 952 $a822.33 SHAK O5(1)$bIst.f.m. s.i.$fFLFBC 959 $aFLFBC 996 $aComedy of errors$928578 997 $aUNINA LEADER 01299nam a22002531i 4500 001 991000810809707536 005 20040202163122.0 008 040220s1849 it |||||||||||||||||ita 035 $ab12673845-39ule_inst 035 $aARCHE-067218$9ExL 040 $aDip.to Scienze pedagogiche$bita$cA.t.i. Arché s.c.r.l. Pandora Sicilia s.r.l. 082 04$a200.1 100 1 $aGioberti, Vincenzo$068480 245 10$aTeorica del sovrannaturale o sia Discorso sulle convenienze della religione rivelata colla mente umana e col progresso civile delle nazioni /$cper Vincenzo Gioberti 260 $aTorino :$bTipografia Ferrero e Franco,$c1849 300 $aX, 475 p. ;$c20 cm 500 $aAltri titoli collegati: [Variante del titolo] Discorso sulle convenienze della religione rivelata colla mente umana e col progresso civile delle nazioni 650 4$aReligione e società 907 $a.b12673845$b02-04-14$c17-03-04 912 $a991000810809707536 945 $aLE022 MP 73 L 4$g1$i2022000071352$lle022$o-$pE0.00$q-$rl$s- $t0$u0$v0$w0$x0$y.i1318314x$z17-03-04 996 $aTeorica del sovrannaturale o sia Discorso sulle convenienze della religione rivelata colla mente umana e col progresso civile delle nazioni$9273361 997 $aUNISALENTO 998 $ale022$b17-03-04$cm$da $e-$fita$git $h0$i1